000 01521nam a2200313 a 4500
001
003 DO-SdBNP
005 20211116114323.0
008 110411s2010 dr abcg r 000 0 spa d
020 _a9789945866650
040 _aDO-SdBNP
_bspa
_cBPMSU
082 _a784.1888
_bC749m 2010
_222
111 2 _aCongreso Internacional Música, Identidad y Cultura en el Caribe
_n(3o. :
_d2009 :17-19 abril.
_cSantiago de los Caballeros, República Dominicana)
245 1 3 _aEl bolero en la cultura caribeña y su proyección universal /
_ceditores Darío Tejeda, Rafael Emilio Yunén.
_b
246 1 3 _aMemorias del tercer Congreso Internacional Música, Identidad y Cultura en el Caribe
260 _aSanto Domingo :
_bCentro León ;
_bMinisterio de Cultura,
_c2010.
_b
300 _a655 p. :
_bil., mapas., música, retrs. ;
_c26 cm.
500 _aIncluye referencias bibliográficas y notas al pie de las páginas.
590 _aInventariado, 2021/VM
650 4 _aBolero (música)
_zRepública Dominicana
_xHistoria y crítica
_vCongresos, conferencias, etc.
650 4 _aMúsica
_xAspectos sociales
_yCaribe, (Región)
_vCongresos, conferencias, etc.
650 4 _aMúsica bailable caribeña
_xHistoria y crítica
_vCongresos, conferencias, etc.
700 1 _aTejeda, Darío
_eed.
700 1 _aYunén, Rafael Emilio,
_eed.
710 2 _aMinisterio de Cultura (República Dominicana)
710 1 _aInstituto de Estudios Caribeños (Santo Domingo, República Dominicana)
910 _a VMateo V.
942 _2ddc
_cBK
999 _c13877
_d13877